Statistics for Cities by old name

Click here to take the quiz!

General Stats

  • This quiz has been taken 36 times
  • The average score is 8 of 14

Answer Stats

HintAnswer% Correct
ConstantinopleIstanbul
97%
LeningradSt. Petersburg
94%
BombayMumbai
94%
PekingBeijing
94%
New AmsterdamNew York City
88%
Mont-RoyalMontreal
70%
DaccaDhaka
70%
CantonGuangzhou
64%
LutetiaParis
48%
ShahjahanabadDelhi
39%
QurtubaCordoba
18%
AmoyXiamen
15%
BearbrassMelbourne
9%
BytownOttawa
9%

Score Distribution

Percentile by Number Answered

Percent of People with Each Score

Your Score History

You have not taken this quiz